Ambrosii Calepini Dictionarii octolinguis altera pars. (Record no. 152934)
[ view plain ]
| 000 -LEADER | |
|---|---|
| campo de control de longitud fija | 01175nam a2200277 i 4500 |
| 001 - NÚMERO DE CONTROL | |
| campo de control | 152934 |
| 003 - IDENTIFICADOR DE NÚMERO DE CONTROL | |
| campo de control | ES-MaACL |
| 005 - FECHA Y HORA DE LA ÚLTIMA TRANSACCIÓN | |
| campo de control | 20250818173859.0 |
| 008 - DATOS DE LONGITUD FIJA--INFORMACIÓN GENERAL | |
| campo de control de longitud fija | 981116s1681 fr d |||| | lat d |
| 100 1# - ENTRADA PRINCIPAL--NOMBRE DE PERSONA | |
| Nombre de persona | Calepino, Ambrogio ( |
| Fechas asociadas al nombre | ca.1435-1510) |
| 9 (RLIN) | 126288 |
| 245 10 - MENCIÓN DEL TÍTULO | |
| Título | Ambrosii Calepini Dictionarii octolinguis altera pars. |
| 246 30 - FORMA VARIANTE DEL TITULO | |
| Título propio/Titulo breve | Dictionarii octolinguis altera pars |
| 250 ## - MENCION DE EDICION | |
| Mención de edición | Editio novissima |
| Resto de la mención de edición | nunc à R.P. Laurentio Chiffletio Soc. Iesu... revisa, quamplurimis aliis dictionibus aucta... & Supplemento Joannis-Ludovici De La Cerda, eiusdem Societ... |
| 260 ## - PUBLICACIÓN, DISTRIBUCIÓN, ETC. | |
| Lugar de publicación, distribución, etc. | Lugduni : |
| Nombre del editor, distribuidor, etc. | Sumptibus Laurentii Arnaud, Petri Borde, Joannis & Petri Arnaud, |
| Fecha de publicación, distribución, etc. | 1681. |
| 300 ## - DESCRIPCIÓN FÍSICA | |
| Extensión | 862 p., [2] en bl. ; |
| Dimensiones | Fol. |
| 597 ## - NOTA DE DESCRIPCIÓN FÍSICA | |
| NOTA DE DESCRIPCIÓN FÍSICA | Sign.: A-Z8, 2A-2Z8, 3A-3H8. |
| 597 ## - NOTA DE DESCRIPCIÓN FÍSICA | |
| NOTA DE DESCRIPCIÓN FÍSICA | Texto a dos col. |
| 597 ## - NOTA DE DESCRIPCIÓN FÍSICA | |
| NOTA DE DESCRIPCIÓN FÍSICA | Port. a dos tintas. |
| 597 ## - NOTA DE DESCRIPCIÓN FÍSICA | |
| NOTA DE DESCRIPCIÓN FÍSICA | En port.: marca tip. xil. |
| 650 04 - PUNTO DE ACCESO ADICIONAL DE MATERIA--TÉRMINO DE MATERIA | |
| Término de materia o nombre geográfico como elemento de entrada | Lengua latina- |
| Subdivisión de forma | Diccionarios. |
| 9 (RLIN) | 14292 |
| 650 04 - PUNTO DE ACCESO ADICIONAL DE MATERIA--TÉRMINO DE MATERIA | |
| Término de materia o nombre geográfico como elemento de entrada | Diccionarios políglotas |
| 9 (RLIN) | 11876 |
| 700 1# - ENTRADA AGREGADA--NOMBRE PERSONAL | |
| Nombre de persona | Chifflet, Laurent |
| Títulos y otros términos asociados al nombre | (S.I.) |
| 9 (RLIN) | 126483 |
| 700 1# - ENTRADA AGREGADA--NOMBRE PERSONAL | |
| Nombre de persona | Cerda, Juan Luis de la, |
| Fechas asociadas al nombre | 1560-1643 |
| 9 (RLIN) | 126415 |
| 852 ## - LOCALIZACIÓN | |
| Ubicación | ES-MaACL |
| Número de control de estantería | R-1512 |
| Nota libre | - Enc. perg. |
| Encuadernación | - Olim: G-4243 |
| Estatus retirado | Estado de pérdida | Estado de daño | No para préstamo | Colección | Biblioteca de origen | Biblioteca actual | Ubicación en estantería | Fecha de adquisición | Fuente de adquisición | Total de préstamos | Signatura topográfica completa | Código de barras | Visto por última vez | Precio de reemplazo | Tipo de ítem Koha |
|---|---|---|---|---|---|---|---|---|---|---|---|---|---|---|---|
| Colección de referencia | Biblioteca del Ateneo de Madrid | Biblioteca del Ateneo de Madrid | Depósito | 17/01/2008 | R-1512 | 1159741 | 23/02/2023 | 23/02/2023 | Libro impreso antiguo |
